Statistics for General Knowledge Quiz #36

Click here to take the quiz!

General Stats

  • This quiz has been taken 123,245 times
    (36,109 since last reset)
  • The average score is 12 of 20

Answer Stats

QuestionAnswer% Correct
What type of animal has Bengal and Siberian subspecies?Tiger
92%
What does the U in SCUBA stand for?Underwater
86%
What comes two days before Easter Sunday?Good Friday
81%
What video game series features an archaeologist named Lara Croft?Tomb Raider
76%
What is the Spanish word for "nothing"?Nada
75%
Among countries that existed at the beginning of WWII, which one suffered the most
deaths as a percentage of its population?
Poland
73%
What layer of the earth comes between the core and the crust?Mantle
71%
What sea are you in if you sail east through the Pillars of Hercules?Mediterranean Sea
62%
What type of creature is Chewbacca?Wookiee
62%
What animal gets its name from the Greek words for "eight" and "foot"?Octopus
58%
What dirty profession was featured in "Mary Poppins" and "Oliver Twist"?Chimney Sweep
57%
What country does the Tagalog language come from?Philippines
56%
In the Middle Ages, most candles were made from tallow (beef fat). What were
premium, high quality candles made from?
Beeswax
55%
What 1993 movie is about the Jamaican bobsled team?Cool Runnings
54%
There are 21 C's and 5 V's. What does the V stand for?Vowel
49%
Mega is the opposite of micro. What is the opposite of nano?Giga
48%
What Chinese religion's name can be interpreted as "The Way"?Taoism
45%
What caped villain was famously portrayed by Bela Lugosi?Count Dracula
41%
What word, meaning "dolphin", was the title given to the heir to the French throne?Dauphin
40%
What part of a race car driver's body is typically noticeably larger than a normal person's?Neck
40%

Score Distribution

Percentile by Number Answered

Percent of People with Each Score

Your Score History

You have not taken this quiz since the last reset